Cuphead Bosses Quiz - Statistics

General Stats
  • This quiz has been taken 388 times
  • The average score is 15 of 19
Answer Stats
Level Boss % Correct
Botanic Panic The Root Pack
90%
One Hell Of A Time The Devil
87%
All Bets Are Off! King Dice
86%
Threatenin' Zeppelin Hilda Berg
83%
Floral Fury Cagney Carnation
81%
Ruse of an Ooze Goopy Le Grande
81%
Clip Joint Calamity Ribby and Croaks
81%
Pyramid Peril Djimmi the Great
79%
Carnival Kerfuffle Beppi the Clown
78%
High Seas Hi-Jinx! Cala Maria
78%
Sugarland Shimmy Baroness Van Bon Bon
77%
Fiery Frolic Grim Matchstick
76%
Junkyard Jive! Dr. Kahl's Robot
75%
Dramatic Fanatic Sally Stageplay
75%
Aviary Action Wally Warbles
75%
Railroad Wrath Phantom Express
70%
Shootin N' Lootin Captain Brineybeard
69%
Murine Corps Werner Werman
69%
Honeycomb Herald Rumor Honeybottoms
67%
No matching quizzes found
Score Distribution
Percent of People with Each Score
Percentile by Number Answered
Your Score History
You have not taken this quiz